000 00680nam a2200277Ia 4500
008 181129s9999 xx 000 0 und d
020 _a9780545036962
050 _a363.1
050 _bM169 2003
100 _aMcNeese, Tim
245 4 _aThe challenger disaster /
245 0 _cby Tim McNeese.
260 _aNew York, NY :
260 _bScholastic,
260 _c2003
300 _a48 pages :
300 _bcolor illustrations ;
300 _c21cm.
440 _aCornerstones of freedom.
500 _a1170L
650 _aChallenger (Spacecraft) --
650 _aChallenger (Spacecraft).
650 _xAccidents.
700 _aSeries.
700 _aTitle.
999 _c360023
_d360023